[Event "New Delhi Parsvnath op 9th"]
[Site "New Delhi"]
[Date "2011.01.10"]
[Round "5"]
[White "Gupte, Meghan"]
[Black "Stefansson, Hannes"]
[Result "0-1"]
[WhiteElo "2207"]
[BlackElo "2580"]
[PlyCount "90"]
[EventDate "2011.01.08"]
[EventType "swiss"]
[EventRounds "11"]
[EventCountry "IND"]
[SourceTitle "CBM 140 Extra"]
[Source "ChessBase"]
[SourceDate "2011.03.01"]
[SourceVersion "1"]
[SourceVersionDate "2011.03.01"]
[SourceQuality "1"]

1. e4 c5 2. Nc3 Nc6 3. Bb5 Nd4 4. Bc4 e6 5. Nf3 Ne7 6. 0-0 Nec6 7. d3 a6 8. Nxd4 Nxd4 9. a4 Be7 10. Ne2 Nc6 11. c3 b6 12. d4 0-0 13. Bd3 cxd4 14. cxd4 Bb7 15. Be3 Rc8 16. Nc3 Nb4 17. Bb1 a5 18. Qg4 Re8 19. f4 d6 20. f5 e5 21. dxe5 dxe5 22. Rd1 Qc7 23. Nb5 Qc4 24. Nd6 Bxd6 25. Rxd6 Red8 26. Ba2 Qxe4 27. Qxe4 Bxe4 28. Rxd8+ Rxd8 29. Bxb6 Rd2 30. Bxa5 Rxg2+ 31. Kf1 Rxh2 32. Bxb4 Rh1+ 33. Kf2 Rxa1 34. Bb3 h5 35. a5 h4 36. Ba3 h3 37. Kg3 Bxf5 38. Bd5 Rd1 39. Bb7 Rd3+ 40. Kh2 Rd2+ 41. Kh1 Rd7 42. a6 Rxb7 43. axb7 Be4+ 44. Kh2 Bxb7 45. Kxh3 f6 0-1

[Event "New Delhi Parsvnath op 8th"]
[Site "New Delhi"]
[Date "2010.01.18"]
[Round "7"]
[White "Gupte, Meghan"]
[Black "Arun Prasad, Subramanian"]
[Result "1/2-1/2"]
[WhiteElo "2207"]
[BlackElo "2567"]
[PlyCount "96"]
[EventDate "2010.01.14"]
[EventType "swiss"]
[EventRounds "11"]
[EventCountry "IND"]
[SourceTitle "CBM 134 Extra"]
[Source "ChessBase"]
[SourceDate "2010.03.03"]
[SourceVersion "1"]
[SourceVersionDate "2010.03.03"]
[SourceQuality "1"]

1. e4 c5 2. Nc3 d6 3. g3 Nc6 4. Bg2 g6 5. d3 Bg7 6. f4 e6 7. Nf3 Nge7 8. 0-0 0-0 9. Be3 Nd4 10. Bf2 Nec6 11. Nxd4 Nxd4 12. e5 dxe5 13. fxe5 Bxe5 14. Ne4 f5 15. Nxc5 f4 16. c3 f3 17. cxd4 fxg2 18. Kxg2 Bxd4 19. Bxd4 Rxf1 20. Qxf1 Qxd4 21. Qf2 Qxf2+ 22. Kxf2 b6 23. Ne4 Ba6 24. Ke3 Rc8 25. Nc3 Kg7 26. Rd1 Bb7 27. Rf1 a6 28. d4 b5 29. a3 g5 30. Rf2 h6 31. Ne4 Bd5 32. Nc3 Bh1 33. Rf1 Bb7 34. Rf2 Rc7 35. Ne4 Bd5 36. Nf6 Rc1 37. Nxd5 exd5 38. Kd2 Rh1 39. g4 a5 40. Ke3 Re1+ 41. Kd3 Rb1 42. Rf5 Rxb2 43. Rxd5 Ra2 44. Rxb5 Rxa3+ 45. Ke4 Rh3 46. Rb7+ Kg6 47. Rb6+ Kg7 48. Rb7+ Kf8 1/2-1/2

[Event "New Delhi Parsvnath op 6th"]
[Site "New Delhi"]
[Date "2008.01.18"]
[Round "8"]
[White "Gupte, Meghan"]
[Black "Karthikeyan, Pandian"]
[Result "0-1"]
[WhiteElo "2151"]
[BlackElo "2327"]
[PlyCount "90"]
[EventDate "2008.01.13"]
[EventType "swiss"]
[EventRounds "10"]
[EventCountry "IND"]
[SourceTitle "CBM 122 Extra"]
[Source "ChessBase"]
[SourceDate "2008.03.04"]
[SourceVersion "1"]
[SourceVersionDate "2008.03.04"]
[SourceQuality "1"]

1. e4 c5 2. Nc3 Nc6 3. Bb5 Nd4 4. Bc4 g6 5. Nf3 Bg7 6. Nxd4 cxd4 7. Qf3 Nh6 8. Ne2 0-0 9. d3 Qa5+ 10. Bd2 Qb6 11. Bb3 d6 12. Nf4 Kh8 13. h4 Qd8 14. Qg3 e6 15. h5 g5 16. Ne2 Bf6 17. f4 Rg8 18. Qf3 e5 19. fxe5 Bxe5 20. 0-0-0 Be6 21. Kb1 a5 22. c3 dxc3 23. Bxc3 Bg4 24. Qe3 a4 25. d4 Bg7 26. Bc2 a3 27. b3 Rc8 28. Rd2 Qe7 29. Bb4 Nf5 30. Qf2 Rxc2 31. Rxc2 Qxe4 32. Nc3 Qxd4 33. Qxd4 Nxd4 34. Rd2 Bf5+ 35. Kc1 Rc8 36. Rf1 Nxb3+ 37. axb3 Bxc3 38. Bxc3+ Rxc3+ 39. Kd1 Bg4+ 40. Ke1 Bxh5 41. Rxd6 Rc2 42. g4 a2 43. Rd1 Bxg4 44. Ra1 Rb2 45. Rg1 Bf5 0-1

[Event "New Delhi Parsvnath op 6th"]
[Site "New Delhi"]
[Date "2008.01.15"]
[Round "5"]
[White "Arvind, C Jayaraman"]
[Black "Gupte, Meghan"]
[Result "1-0"]
[WhiteElo "2305"]
[BlackElo "2151"]
[PlyCount "121"]
[EventDate "2008.01.13"]
[EventType "swiss"]
[EventRounds "10"]
[EventCountry "IND"]
[SourceTitle "CBM 122 Extra"]
[Source "ChessBase"]
[SourceDate "2008.03.04"]
[SourceVersion "1"]
[SourceVersionDate "2008.03.04"]
[SourceQuality "1"]

1. d4 Nf6 2. c4 c5 3. d5 b5 4. Nf3 Bb7 5. Nbd2 e6 6. e4 bxc4 7. dxe6 dxe6 8. e5 Nfd7 9. Nxc4 Nc6 10. Bg5 Qc7 11. Be2 h6 12. Bh4 g5 13. Bg3 Rd8 14. 0-0 Ndxe5 15. Qb3 Bg7 16. Rfe1 Nxf3+ 17. Bxf3 e5 18. Nxe5 Nxe5 19. Qxb7 Qxb7 20. Bxb7 f6 21. f4 gxf4 22. Bxf4 0-0 23. Be3 Nd3 24. Re2 f5 25. Ba6 Rfe8 26. Rd1 Nf4 27. Red2 Rxd2 28. Bxd2 Ne2+ 29. Kf1 Nd4 30. Bc4+ Kh8 31. Re1 Rd8 32. Ba5 Rf8 33. Bc7 Rc8 34. Bf4 Nc2 35. Re2 Nd4 36. Re1 Nc2 37. Re7 a5 38. b3 Nb4 39. a3 Nc2 40. a4 Nd4 41. Ra7 Nc6 42. Rc7 Rxc7 43. Bxc7 Be5 44. Bb6 Bxh2 45. Bd5 Nb4 46. Be6 Nc2 47. Bxc5 Be5 48. Bb6 Bc3 49. Ke2 Bb4 50. Bxf5 Na3 51. Bd4+ Kg8 52. Kf3 Kf7 53. Kg4 Bd2 54. Bc5 Bc1 55. Kf3 Kf6 56. Bd3 h5 57. Ke2 Ke5 58. Bb6 Bb2 59. Kd2 Kd5 60. Bxa5 Kd4 61. Bb4 1-0

[Event "IND-chB 45th"]
[Site "Dindigul"]
[Date "2007.06.17"]
[Round "10"]
[White "Gupte, Meghan"]
[Black "Ramakrishna, J."]
[Result "1/2-1/2"]
[WhiteElo "2077"]
[BlackElo "2297"]
[PlyCount "91"]
[EventDate "2007.06.11"]
[EventType "swiss"]
[EventRounds "12"]
[EventCountry "IND"]
[SourceTitle "CBM 119 Extra"]
[Source "ChessBase"]
[SourceDate "2007.09.04"]
[SourceVersion "1"]
[SourceVersionDate "2007.09.04"]
[SourceQuality "1"]

1. e4 c5 2. Nf3 e6 3. d4 cxd4 4. Nxd4 Nc6 5. Nc3 Qc7 6. Be3 a6 7. Bd3 b5 8. 0-0 Bb7 9. Kh1 Nf6 10. a3 Bd6 11. Nxc6 dxc6 12. f4 e5 13. f5 h6 14. Qf3 Qe7 15. Ne2 c5 16. c3 c4 17. Bc2 Bc5 18. Bd2 Qd6 19. Rad1 Qc6 20. Ng3 0-0-0 21. Be3 Bxe3 22. Qxe3 Rxd1 23. Rxd1 h5 24. Re1 Ng4 25. Qf3 Qb6 26. h3 Nf2+ 27. Kh2 h4 28. Nf1 Rd8 29. Re3 Nd3 30. Bxd3 cxd3 31. Rxd3 Rxd3 32. Qxd3 Qf2 33. Nd2 Qf4+ 34. Kg1 Kc7 35. c4 Bc6 36. c5 Kb7 37. Qe2 Qg3 38. Nf3 Qf4 39. Qd2 Qxe4 40. Qd6 Qe3+ 41. Kh2 Bxf3 42. Qd7+ Kb8 43. Qd8+ Kb7 44. Qd7+ Ka8 45. Qd8+ Kb7 46. Qd7+ 1/2-1/2

[Event "IND-chB 45th"]
[Site "Dindigul"]
[Date "2007.06.14"]
[Round "5"]
[White "Gupte, Meghan"]
[Black "Arun, Karthik R"]
[Result "1-0"]
[WhiteElo "2077"]
[BlackElo "2298"]
[PlyCount "87"]
[EventDate "2007.06.11"]
[EventType "swiss"]
[EventRounds "12"]
[EventCountry "IND"]
[SourceTitle "CBM 119 Extra"]
[Source "ChessBase"]
[SourceDate "2007.09.04"]
[SourceVersion "1"]
[SourceVersionDate "2007.09.04"]
[SourceQuality "1"]

1. e4 d6 2. d4 Nf6 3. Nc3 g6 4. f4 Bg7 5. Nf3 c5 6. dxc5 Qa5 7. Bd3 Qxc5 8. Qe2 Bg4 9. Be3 Qa5 10. 0-0 0-0 11. Qe1 Nc6 12. Nd4 Bd7 13. h3 Nb4 14. a3 Nxd3 15. cxd3 e5 16. Nde2 exf4 17. Nxf4 Rae8 18. Qf2 b6 19. Bd4 Bc6 20. Rac1 Ba8 21. Bxf6 Bxf6 22. Ncd5 Bg7 23. Rc7 Qa4 24. Kh1 Bxd5 25. Nxd5 Re6 26. Rxf7 Qe8 27. Rxf8+ Qxf8 28. Qe3 Qd8 29. Qf3 Qd7 30. b3 Re8 31. Nf6+ Bxf6 32. Qxf6 d5 33. e5 d4 34. Re1 Re6 35. Qf3 Kg7 36. Qa8 a5 37. Qe4 Qe7 38. Qxd4 Qxa3 39. Qd5 Re7 40. e6 Qc5 41. Qe4 Qc3 42. d4 Qxb3 43. Qe5+ Kh6 44. d5 1-0

[Event "IND-chB 45th"]
[Site "Dindigul"]
[Date "2007.06.14"]
[Round "6"]
[White "Saptarshi, Roy Chowdhury"]
[Black "Gupte, Meghan"]
[Result "1/2-1/2"]
[WhiteElo "2417"]
[BlackElo "2077"]
[PlyCount "113"]
[EventDate "2007.06.11"]
[EventType "swiss"]
[EventRounds "12"]
[EventCountry "IND"]
[SourceTitle "CBM 119 Extra"]
[Source "ChessBase"]
[SourceDate "2007.09.04"]
[SourceVersion "1"]
[SourceVersionDate "2007.09.04"]
[SourceQuality "1"]

1. e4 c5 2. Nf3 d6 3. d4 cxd4 4. Nxd4 Nf6 5. f3 e5 6. Nb3 Be6 7. c4 a5 8. Be3 a4 9. N3d2 Qa5 10. Be2 Be7 11. Nc3 0-0 12. Rc1 Bd8 13. Bf2 Nbd7 14. Nb5 Bb6 15. 0-0 Rfd8 16. Nb1 Bxf2+ 17. Rxf2 Nb6 18. N1a3 Qb4 19. Bf1 Qc5 20. g3 Ne8 21. Rcc2 f5 22. Bh3 g6 23. Nc3 Nxc4 24. Nxc4 Qxc4 25. Rfd2 Qa6 26. exf5 gxf5 27. Nd5 Qa7+ 28. Kh1 b5 29. f4 Qf7 30. Ne3 e4 31. g4 fxg4 32. Bxg4 Bxg4 33. Nxg4 Kh8 34. Rg2 Qg7 35. Ne3 Qf7 36. Qd4+ Qf6 37. Qxe4 Ng7 38. Nd5 Qh6 39. Qd4 Rac8 40. Nc3 Rc4 41. Qb6 Re8 42. Rce2 Rxf4 43. Rxe8+ Nxe8 44. Qxb5 Qf8 45. Ne2 Rf1+ 46. Ng1 Rf4 47. Qd3 Ng7 48. h3 Qf6 49. Qd5 h6 50. Ne2 Rf1+ 51. Kh2 Qxb2 52. Qxd6 Qf6 53. Qxf6 Rxf6 54. Nc3 a3 55. Nb5 Rf3 56. Nd6 Nh5 57. Nc4 1/2-1/2